Responses for Show #1642 - Tuesday, October 22, 1991

Contestants

[<< previous game]

Wayland Massey, an employment service specialist from Durham, North Carolina

Amy Heller, a film distributor from New York City, New York

Bill Gallagher, a teacher from Northumberland, Pennsylvania (whose 1-day cash winnings total $17,900)

[next game >>]

Jeopardy! Round responses

ANATOMY
MOVIE ARTISTS
TREATIES
U.S. GEOGRAPHY
QUOTES
THE OCCULT
    $100 18
the Adam's apple

Amy
    $100 5
(Wayland: Who is Van Gogh?)

Rembrandt

AmyWayland
    $100 26
the Common Market

Bill
    $100 13
the Gulf of Mexico

Bill
    $100 1
a rat

Wayland
    $100 11
a Ouija board

Wayland
    $200 19
the feet

Amy
    $200 6
(Bill: Who is Van Gogh?)

Paul Gauguin

Bill
Triple Stumper
    $200 27
[The end-of-round signal sounds.]

the Congress of Vienna

Triple Stumper
    $200 14
the Sierras

Triple Stumper
    $200 2
(Wayland: What is the electorate?)

the jury

Wayland
Triple Stumper
    $200 12
the tarot deck

Bill
    $300 20
the stomach

Wayland
    $300 7
The Agony and the Ecstasy

Bill
    $300 15
the Ozarks

Bill
    $300 3
Jefferson

Amy
    $300 22
(Alex: And we have less than a minute to go.)

Virginia Dare

Amy
    $400 21
genes

Wayland
    $400 8
Moulin Rouge

Amy
    $400 16
(Wayland: What is Florida?)
(Bill: What is Alabama?)
...
(Alex: You're almost surrounding Georgia; you should have gone north to [*].)

South Carolina

BillWayland
Triple Stumper
    $400 4
twice

Triple Stumper
    $400 23
(Bill: What is an aura?)

ectoplasm

BillWayland
    $500 25
cartilage

Amy
    $500 9
El Greco

Amy
    $500 17
Manhattan

Bill
    $500 10
Mencken

Amy
    $500 24
(Bill: What's a kachinka doll?)

a kachina doll

BillWayland

Scores at the first commercial break (after clue 12):

Bill Amy Wayland
$300 $1,800 -$100

Scores at the end of the Jeopardy! Round:

Bill Amy Wayland
$0 $2,900 $1,100

Double Jeopardy! Round responses

19th CENTURY LITERATURE
SCIENTISTS
THE HIMALAYAS
ANTIQUITIES
DRAMA
HOMONYMS
    $200 1
Fathers and Sons

Amy
    $200 6
Einstein

Wayland
    $200 26
a cat

Amy
    $200 21
ivory

Wayland
    $200 11
Gilbert

Bill
    $200 14
to skirt

Wayland
    $400 2
Return of the Native

Amy
    $400 7
Sabin

Wayland
    $400 27
a yak

Bill
    $400 22
Aphrodite

Amy
    $400 12
the Salvation Army

Wayland
    $400 15
clog

Wayland
    $600 3
C. Auguste Dupin

Triple Stumper
    $600 8
(Edward) Teller

Wayland
    $600 28
Yeti

Wayland
    $600 23
Macedonia

Bill
    $600 13
David Mamet

Wayland
    $600 16
tender

Bill
    $800 4
(Amy: Who is Sir Walter Scott?)

Robert Louis Stevenson

Amy
Triple Stumper
    $800 9
Joseph Priestley

Bill
    $800 29
Lost Horizon

Wayland
    $1,500 24
Hammurabi

Bill
    $800 17
Thornton Wilder

Wayland
    $800 19
skein

Amy
    $1000 5
Henry James

Amy
    $1000 10
Torricelli

Bill
    $800 30
the Indus Valley

Wayland
    $1000 25
(Alex: As was the case with most temples at that time, it was made of [*].)

marble

Triple Stumper
    $1000 18
Volpone

Amy
    $1000 20
rally

Wayland

Scores at the end of the Double Jeopardy! Round:

Bill Amy Wayland
$5,100 $6,100 $8,100

[wagering suggestions for these scores]

Final Jeopardy! Round responses

THE NEW TESTAMENT
(Alex: We said "at this event", it was a [*], and it was not necessary to tell us where the wedding took place.)
BillWhat was his baptism
$5,000
AmyWhat is the wedding in Canna?
$100
WaylandWhat is a wedding?
$4,101
the wedding at Cana

Final scores:

Bill Amy Wayland
$100 $6,200 $12,201
3rd place: Magnavox camcorder 2nd place: Fila sportswear + Jules Jurgensen ladies' quartz watch New champion: $12,201

Game dynamics:

Coryat scores:

Bill Amy Wayland
$4,400 $6,100 $8,300
13 R
(including 1 DD),
4 W
16 R,
1 W
19 R
(including 1 DD),
3 W

Combined Coryat: $18,800

[game clues] [game scores] [suggest correction]

Game tape date: 1991-08-27
The J! Archive is created by fans, for fans. Scraping, republication, monetization, and malicious use prohibited; this site may use cookies and collect identifying information. See terms. The Jeopardy! game show and all elements thereof, including but not limited to copyright and trademark thereto, are the property of Jeopardy Productions, Inc. and are protected under law. This website is not affiliated with, sponsored by, or operated by Jeopardy Productions, Inc. Join the discussion at JBoard.tv.